| 000 | 00488nam a2200181Ia 4500 | ||
|---|---|---|---|
| 001 | 19401 | ||
| 003 | GE_BSU | ||
| 008 | 181216s||||||||xx |||||||||||||| ||und|| | ||
| 040 | _cGE_BSU | ||
| 245 | 4 | _aThe Economist. November 26th-December 2nd. volume 421. №9017. 2016 | |
| 260 | _aParis | ||
| 260 | _c2016 | ||
| 300 | _a78p. 27cm. | ||
| 653 | _aNovember 26th-December 2nd. | ||
| 653 | _aThe Economist. volume 421. №9017. 2016 | ||
| 653 | _aპერიოდიკა | ||
| 942 | _cCR | ||
| 999 |
_c52381 _d52381 |
||